<?xml version="1.0" encoding="UTF-8"?>
<record
    xmlns:xsi="http://www.w3.org/2001/XMLSchema-instance"
    xsi:schemaLocation="http://www.loc.gov/MARC21/slim http://www.loc.gov/standards/marcxml/schema/MARC21slim.xsd"
    xmlns="http://www.loc.gov/MARC21/slim">

  <leader>00535nam a22001457a 4500</leader>
  <controlfield tag="008">230601b        |||||||| |||| 00| 0 eng d</controlfield>
  <datafield tag="040" ind1=" " ind2=" ">
    <subfield code="a">National Science Library</subfield>
    <subfield code="c">National Science Library</subfield>
  </datafield>
  <datafield tag="080" ind1=" " ind2=" ">
    <subfield code="a">612.824.3(082.2) </subfield>
    <subfield code="b">L7</subfield>
  </datafield>
  <datafield tag="245" ind1=" " ind2=" ">
    <subfield code="a">Neurogenic control of the brain circulation </subfield>
    <subfield code="c">/ Proceedings of the International Symposium held in The wenner-Gren, Stockholm, June 22-24, 1977</subfield>
  </datafield>
  <datafield tag="260" ind1=" " ind2=" ">
    <subfield code="a">Oxford: </subfield>
    <subfield code="b">Pergamon Press, </subfield>
    <subfield code="c">1977</subfield>
  </datafield>
  <datafield tag="300" ind1=" " ind2=" ">
    <subfield code="a">xix, 510p.</subfield>
  </datafield>
  <datafield tag="650" ind1=" " ind2=" ">
    <subfield code="a">Science</subfield>
  </datafield>
  <datafield tag="700" ind1=" " ind2=" ">
    <subfield code="a">Owman, Christer (Ed.)</subfield>
  </datafield>
  <datafield tag="942" ind1=" " ind2=" ">
    <subfield code="2">udc</subfield>
    <subfield code="c">PR</subfield>
  </datafield>
  <datafield tag="999" ind1=" " ind2=" ">
    <subfield code="c">38152</subfield>
    <subfield code="d">38152</subfield>
  </datafield>
  <datafield tag="952" ind1=" " ind2=" ">
    <subfield code="0">0</subfield>
    <subfield code="1">0</subfield>
    <subfield code="2">udc</subfield>
    <subfield code="4">0</subfield>
    <subfield code="6">61282430822_L7</subfield>
    <subfield code="7">0</subfield>
    <subfield code="9">57542</subfield>
    <subfield code="a">NSL</subfield>
    <subfield code="b">NSL</subfield>
    <subfield code="c">GF/Rk-11/C-17/R-1</subfield>
    <subfield code="d">1978-03-13</subfield>
    <subfield code="l">0</subfield>
    <subfield code="o">612.824.3(082.2) L7</subfield>
    <subfield code="p">87667</subfield>
    <subfield code="r">2023-06-01 00:00:00</subfield>
    <subfield code="w">1978-03-13</subfield>
    <subfield code="y">PR</subfield>
  </datafield>
</record>
